=LDR 00000nam 2200000 4500 =001 INLIS000000000008602 =005 20130612100444 =008 ***********************************Ind** =035 ##$$0010-061300000008602 =041 ##$$a Ind =082 ##$$a 297 =090 ##$$a 297, Has r =100 ##$$a Hasjmy =245 ##$$a Risalah Akhlak, A.Hasjmy =260 ##$$a 1976 $b Jakarta =300 ##$$a 104 hlm, 21 cm =650 ##$$a Agama Islam